Financial Markets and Institutions (Record no. 22187)
[ view plain ]
| 000 -LEADER | |
|---|---|
| fixed length control field | 00348nam a22001457a 4500 |
| 020 ## - INTERNATIONAL STANDARD BOOK NUMBER | |
| ISBN | 978-1-292-45954-7 |
| 082 ## - DEWEY DECIMAL CLASSIFICATION NUMBER | |
| Classification number | 332.1 |
| 100 ## - MAIN ENTRY--AUTHOR NAME | |
| Personal name | Mishkin, Frederic S. |
| 245 ## - TITLE STATEMENT | |
| Title | Financial Markets and Institutions |
| 250 ## - EDITION STATEMENT | |
| Edition statement | 10th |
| 260 ## - PUBLICATION, DISTRIBUTION, ETC. (IMPRINT) | |
| Place of publication | Harlow: |
| Name of publisher | Pearson, |
| Year of publication | 2024 |
| 300 ## - PHYSICAL DESCRIPTION | |
| Number of Pages | 637p.: ill.; 26cm |
| 700 ## - ADDED ENTRY--PERSONAL NAME | |
| Personal name | Eakins, Stanley G. |
| 942 ## - ADDED ENTRY ELEMENTS (KOHA) | |
| Koha item type | Books |
| Withdrawn status | Lost status | Damaged status | Not for loan | Collection code | Permanent Location | Current Location | Shelving location | Date acquired | Source of acquisition | Full call number | Accession Number | Price effective from | Koha item type |
|---|---|---|---|---|---|---|---|---|---|---|---|---|---|
| Non-fiction | IFM Main Campus Library | IFM Main Campus Library | Work Room processing | 01/20/2026 | Purchased | 332.1 MIS | 0000030518 | 01/20/2026 | Books | ||||
| Non-fiction | IFM Main Campus Library | IFM Main Campus Library | Work Room processing | 01/20/2026 | Purchased | 332.1 MIS | 0000030516 | 01/20/2026 | Books | ||||
| Non-fiction | IFM Main Campus Library | IFM Main Campus Library | Work Room processing | 01/20/2026 | Purchased | 332.1 MIS | 0000030517 | 01/20/2026 | Books |
